[Event "27th CRO-chT 1B-Men 2018"]
[Site "Biograd"]
[Date "2018.09.15"]
[Round "1.30"]
[White "Jusic, Zdenko"]
[Black "Brulic, Denis"]
[Result "*"]
[WhiteElo "2261"]
[BlackElo "2232"]
[Annotator "NA"]
[PlyCount "49"]
[EventDate "2018.09.15"]
[EventType "team-tourn"]
[EventCountry "CRO"]
[SourceTitle "playchess.com"]
[Source "ChessBase"]
[SourceQuality "1"]
[TimeControl "40/5400+30:1800+30"]

1. e4 {[%emt 0:03:30]} c5 {[%emt 0:00:30]} 2. Nf3 {[%emt 0:00:30]} g6 {[%emt 0:00:30]} 3. c3 {[%emt 0:00:30]} Bg7 {[%emt 0:00:30]} 4. d4 {[%emt 0:00:00]} cxd4 {[%emt 0:00:00]} 5. cxd4 {[%emt 0:00:00]} d5 {[%emt 0:00:00]} 6. e5 {[%emt 0:00:30]} Nc6 {[%emt 0:00:30]} 7. h3 {[%emt 0:00:30]} e6 {[%emt 0:03:30]} 8. Nc3 {[%emt 0:00:30]} Nge7 {[%emt 0:00:30]} 9. g4 {[%emt 0:01:30]} f6 {[%emt 0:04:30]} 10. exf6 {[%emt 0:02:30]} Bxf6 {[%emt 0:00:30]} 11. Be3 {[%emt 0:06:30]} O-O {[%emt 0:03:30]} 12. Bg2 {[%emt 0:08:30]} Qd6 {[%emt 0:08:30]} 13. O-O {[%emt 0:05:30]} Bd7 {[%emt 0:06:30]} 14. Qd2 {[%emt 0:01:30]} Bg7 {[%emt 0:00:00]} 15. Rfe1 {[%emt 0:23:30]} Kh8 {[%emt 0:00:00]} 16. Bh6 {[%emt 0:01:30]} Rf7 {[%emt 0:14:30]} 17. Bxg7+ {[%emt 0:06:30]} Kxg7 {[%emt 0:01:30]} 18. Re3 {[%emt 0:01:30]} Raf8 {[%emt 0:01:30]} 19. Ne2 {[%emt 0:05:30] ]} h6 {[%emt 0:02:30] ]} 20. Ng3 {[%emt 0:03:30] ]} Rf4 {[%emt 0:06:30] ]} 21. a3 {[%emt 0:02:30] ]} Qc7 {[%emt 0:03:30] ]} 22. b4 {[%emt 0:02:30] ]} Qb6 {[%emt 0:01:30] ]} 23. Ne2 {[%emt 0:02:30] [%clk 0:20] [%clk 0:16:55]} Nc8 {[%emt 0:07:30] c} 24. Rc1 {[%emt 0:03:35] k} R4f6 {[%emt 0:00:30] 5} 25. Rc5 {[%emt 0:00:35] [%clk 0:16.30]} *

[Event "27th CRO-chT 1B-Men 2018"]
[Site "Biograd"]
[Date "2018.09.16"]
[Round "2.1"]
[White "Sedlak, Nikola"]
[Black "Medvegy, Zoltan"]
[Result "1/2-1/2"]
[WhiteElo "2587"]
[BlackElo "2543"]
[Annotator "TA"]
[PlyCount "71"]
[EventDate "2018.09.15"]
[EventType "team-tourn"]
[EventCountry "CRO"]
[SourceTitle "playchess.com"]
[Source "ChessBase"]
[SourceQuality "1"]

{[%evp 15,71,6,13,0,0,0,0,0,0,0,0,0,7,0,0,-4,0,-22,-24,-15,0,-7,-2,-10,0,0,10,0,0,-18,-18,-25,8,8,8,4,4,0,0,0,0,0,0,0,0,0,0,0,0,0,0,0,0,0,0,0,0,-11]} 1. d4 Nf6 2. Nf3 e6 3. g3 b5 4. Bg2 Bb7 5. O-O Be7 6. c3 O-O 7. Bg5 {A46: 1 d4 Nf6 2 Nf3 e6: Torre, London and Colle Systems} c5 8. dxc5 (8. Nbd2 Na6 9. e3 h6 10. Bxf6 Bxf6 11. Ne5 Bxg2 12. Kxg2 d6 13. Nef3 d5 14. a3 c4 15. Qc2 Rb8 16. Rfb1 Rb6 17. a4 {½-½ (55) Mulyar,M (2374)-Matsenko,S (2533) Sturbridge 2018}) 8... Bxc5 {LiveBook: 3 Games} 9. Qd3 {aiming for Bxf6.} a6 10. Bxf6 Qxf6 {[#]} 11. Ng5 $1 {[%mdl 512]} Qxg5 12. Bxb7 Ra7 13. Bg2 d5 14. Nd2 {[%cal Bb1d2,Bd2f3,Bf3e5,Be5d3][%mdl 32]} Nd7 $146 {[%cal Bb8d7,Bd7b6,Bb6c4][%mdl 32]} 15. Nf3 Qg6 16. Qd2 Nb6 17. Ne5 Qf5 18. Nd3 Nc4 19. Qd1 Bb6 20. a4 Ne5 21. Nf4 g5 22. Nd3 Nxd3 23. exd3 Rb8 24. axb5 {The position is equal.} axb5 25. Rxa7 Bxa7 26. d4 b4 27. Qa4 bxc3 $1 28. bxc3 Bb6 29. Qc6 Ba5 30. Qc5 Bd8 31. Qd6 Rc8 {[#] ...Bf6 is the strong threat.} 32. c4 {[%cal Rc4d5]} Bf6 ({Avoid the trap} 32... dxc4 $2 33. Bb7 $18) 33. cxd5 Rd8 34. Qb6 exd5 35. Bh3 Qg6 $1 36. Re1 {Precision: White = 60%, Black = 87%.} 1/2-1/2

[Event "27th CRO-chT 1B-Men 2018"]
[Site "Biograd"]
[Date "2018.09.16"]
[Round "2.3"]
[White "Krstic, Uros"]
[Black "Bilobrk, Franjo"]
[Result "1-0"]
[WhiteElo "2364"]
[BlackElo "2360"]
[Annotator "NA"]
[PlyCount "59"]
[EventDate "2018.09.15"]
[EventType "team-tourn"]
[EventCountry "CRO"]
[SourceTitle "playchess.com"]
[Source "ChessBase"]
[SourceQuality "1"]
[TimeControl "40/5400+30:1800+30"]

{[%evp 21,53,0,8,0,0,0,0,0,0,0,25,25,298,138,189,192,200,181,189,32767,32767,32767,185,210,196,210,206,199,271,311,311,356,470,409]} 1. e4 {[%emt 0:07:30]} e6 {[%emt 0:00:30]} 2. d4 {[%emt 0:01:30]} d5 {[%emt 0:00:00]} 3. Nd2 {[%emt 0:00:30]} c5 {[%emt 0:00:00]} 4. exd5 {[%emt 0:00:30]} Qxd5 {[%emt 0:00:00]} 5. Ngf3 {[%emt 0:02:30]} cxd4 {[%emt 0:00:00]} 6. Bc4 {[%emt 0:00:00]} Qd6 {[%emt 0:00:30]} 7. O-O {[%emt 0:10:00]} Nf6 {[%emt 0:00:30]} 8. Nb3 {[%emt 0:02:30]} Nc6 {[%emt 0:00:30]} 9. Nbxd4 {[%emt 0:01:30]} Nxd4 {[%emt 0:00:00]} 10. Nxd4 {[%emt 0:00:00]} Be7 {[%emt 0:00:00]} 11. b3 {[%emt 0:04:00]} a6 {[%emt 0:04:30] LiveBook: 18 Partien} 12. a4 {[%emt 0:00:30] C07: French Tarrasch: 3...c5, 4 Ngf3 and 4 exd5 Qxd5} (12. Bb2 O-O 13. Qf3 Bd7 14. Rfe1 b5 15. Bd3 Rfe8 16. Rad1 Qc5 17. Qg3 Bd6 18. Qh4 e5 19. Nf5 Bxf5 20. Bxf5 {½-½ (50) Priyadharshan,K (2554)-Holt,C (2592) Berkeley 2018}) 12... Qc7 {[%emt 0:10:30]} 13. Qf3 {[%emt 0:07:30]} O-O {[%emt 0:01:30]} 14. Bb2 {[%emt 0:17:30]} Bd7 {[%emt 0:14:30]} 15. Rad1 {[%emt 0:08:30]} Rab8 $146 {[%emt 0:05:30]} ({Predecessor:} 15... Rac8 16. Rfe1 Bc6 17. Nxc6 Qxc6 18. Qh3 Rfd8 19. Bd3 h6 {1-0 (45) Popovic,D (2471)-Wiesner,R (2378) playchess.com INT 2005}) 16. Qe2 {[%emt 0:07:30]} Bc6 $2 {[%emt 0:08:30] [#]} (16... Bd6 $11 {und Schwarz ist OK.}) 17. Nf5 {[%emt 0:04:30]} (17. Nxe6 $1 $18 {[%mdl 512] and the rest is easy.} fxe6 18. Be5) 17... b5 {[%emt 0:08:30]} (17... exf5 $16 {was worth a try.} 18. Be5 Qb6 19. Bxb8 Ne4) 18. Be5 {[%emt 0:02:30]} Qb7 {[%emt 0:00:00]} 19. Nxe7+ {[%emt 0:01:12]} Qxe7 {[%emt 0:00:00]} 20. Bxb8 {[%emt 0:01:49]} Rxb8 {[%emt 0:00:30]} 21. axb5 {[%emt 0:01:10]} axb5 {[%emt 0:00:30] [#]} 22. Bd3 $1 {[%emt 0:00:28]} Qb7 {[%emt 0:00:30]} 23. f3 {[%emt 0:00:40]} Nd5 {[%emt 0:00:00]} 24. Qf2 {[%emt 0:03:43]} f5 {[%emt 0:09:00]} (24... Qe7 {is a better defense.} 25. Be4 Rc8) 25. Ra1 {[%emt 0:02:14]} Qe7 {[%emt 0:09:30]} 26. Rfe1 {[%emt 0:03:08]} g6 {[%emt 0:01:30]} 27. Qd4 $18 {[%emt 0:01:11]} Qg5 {[%emt 0:00:30]} 28. Ra7 {[%emt 0:01:57]} Rb7 {[%emt 0:03:30]} 29. Ra8+ {[%emt 0:00:47]} Kf7 {[%emt 0:00:00]} 30. Qh8 {[%emt 0:01:58]} 1-0

[Event "27th CRO-chT 1B-Men 2018"]
[Site "Biograd"]
[Date "2018.09.18"]
[Round "2.4"]
[White "Sinanovic, Muhamed"]
[Black "Vernacki, Srdjan"]
[Result "0-1"]
[WhiteElo "2339"]
[BlackElo "2357"]
[Annotator "TA"]
[PlyCount "158"]
[EventDate "2018.09.15"]
[EventType "team-tourn"]
[EventCountry "CRO"]
[SourceTitle "playchess.com"]
[Source "ChessBase"]
[SourceQuality "1"]

{[%evp 23,158,38,34,33,54,27,51,37,35,25,43,35,65,31,32,6,9,0,0,-3,56,0,0,0,0,0,15,0,0,7,20,13,14,31,46,-15,-7,-12,12,12,31,-31,-28,-83,-34,-40,0,-29,0,0,101,104,96,56,49,54,230,236,247,254,247,231,200,207,189,6,10,0,0,0,-12,-17,0,-55,-72,-75,-82,-137,-134,-180,-172,-203,-180,-206,-207,-207,-200,-195,-158,-198,-204,-338,-337,-314,-247,-471,-211,-431,0,-431,-427,-419,-395,-312,-8,-8,-8,-8,-8,-93,-95,-1096,-1080,-1047,-956,-907,-842,-728,-608,-5247,-5247,-5247,-5219,-5247,-5239,-5221,-382,-5232,-5221,-5225,-5214,-5214,-5214,-5189,-5181,-5167,-5079]} 1. c4 c5 2. Nc3 Nf6 3. g3 e6 4. Bg2 Be7 5. Nf3 O-O 6. O-O a6 7. b3 Qc7 8. Bb2 d6 9. e3 b6 10. d4 cxd4 11. exd4 Nbd7 12. Re1 Bb7 13. Rc1 {A30: Englische Eröffnung (Symmetrische Variante)} Rfe8 14. a4 $146 ({Vorgänger:} 14. d5 e5 15. Nd2 Bf8 16. b4 g6 17. Nce4 a5 18. c5 bxc5 19. bxc5 dxc5 20. Nxf6+ Nxf6 {1-0 (39) Akesson,R (2440)-Lindberg,B (2412) Sweden 2010}) 14... Rac8 15. d5 {Weiß steht etwas besser.} e5 $1 16. Bh3 Bf8 17. Nd2 Rcd8 18. Qe2 Bc8 19. f3 g6 20. Ba3 Nh5 21. Bf1 Ng7 (21... f5 $11) 22. b4 (22. Qf2 $1 $14) 22... Nf5 $11 23. Nb3 Nd4 24. Qd1 $1 Bh6 25. Rb1 Nxb3 26. Rxb3 Nf6 27. Bc1 Bxc1 28. Qxc1 Bf5 29. Ne4 (29. Qg5 $14 Kg7 30. g4) 29... Bxe4 30. fxe4 a5 31. c5 bxc5 32. b5 (32. bxc5 $14 dxc5 33. Bb5) 32... Nd7 $15 33. Qh6 (33. Rf3 $11) 33... Nb6 34. Rf3 Qe7 35. Bh3 Rf8 36. Ref1 f6 (36... Nxa4 $11 37. Rxf7 Rxf7 38. Rxf7 Kxf7 39. Qxh7+ Kf6 40. Qh4+ Kf7 41. Qh7+ Kf6 42. Qh4+ Kf7 43. Qh7+) 37. Be6+ $16 Kh8 38. g4 $1 Qg7 39. Qd2 Rb8 $2 (39... Ra8 $1 $14) 40. Qxa5 $18 Qh6 41. Qe1 $1 Nxa4 42. Rxf6 Rxf6 43. Rxf6 Nb2 {Und ...Sd3 würde nun gewinnen.} 44. Qe2 $2 (44. Qf1 $1 $18 {Schwarz muss nun Kh1 beachten.} Qe3+ 45. Qf2) 44... Qc1+ $11 45. Rf1 Qc3 46. Kh1 {Weiss will mit Df2 Matt setzen.} Qd3 $1 {[%cal Rd3e2]} 47. Qg2 Nc4 {Droht ...Se3 und aus.} 48. Qf3 ({Besser ist} 48. Rf3 $1 $11 Qb1+ 49. Rf1 Qxb5 50. Qf2) 48... Qxf3+ $15 49. Rxf3 {[%mdl 4096] Endspiel KTL-KTS} Nd2 (49... Rxb5 50. Rf8+ Kg7 51. Rf7+ Kh6 52. h4 $11) 50. Rf7 (50. Rd3 $142 Nxe4 51. Re3) 50... Nxe4 $17 {Und weiter mit ...c4 wäre nett.} 51. h4 c4 $1 {[%cal Bc5c4,Bc4c3][%mdl 32]} (51... Rxb5 52. Rf8+ Kg7 53. Rf7+ Kh6 54. Kg2 $11) 52. Kg2 c3 $1 {[%cal Rc3c2]} ({Schlechter ist} 52... Rxb5 53. Rf8+ Kg7 54. Rf7+ Kh8 55. Rf8+ Kg7 56. Rf7+ Kh8 $11) 53. Rf1 Nc5 ({Minderwertig wäre} 53... Rxb5 54. Rf8+ Kg7 55. Rf7+ Kh6 56. Kf3 $11) 54. Rc1 Rxb5 55. Rxc3 Kg7 56. g5 {[#]} Rb2+ $1 57. Kg1 (57. Kh3 $142) 57... Rb4 $19 58. Ra3 Ra4 ({Keinesfalls} 58... Rxh4 59. Ra8 $17) 59. Rf3 $2 (59. Rxa4 {war erzwungen.} Nxa4 60. Bh3) 59... Rf4 (59... Nxe6 $142 60. dxe6 Rg4+ 61. Kh2 Rf4) 60. Ra3 $2 (60. Rxf4 exf4 61. Bc8) 60... Ra4 61. Rf3 $1 {beabsichtigt Tf7+.} Nxe6 62. dxe6 {KT-KT} Rg4+ 63. Kh2 {[#]} Rxh4+ $2 (63... Rf4 $1 $19 {[%cal Rf4f3]} 64. Ra3 Rxh4+ 65. Kg3 Rh5) 64. Kg3 $132 {[%mdl 2048] Weiss has counterplay} Rb4 {...Tb7 ist eine echte Drohung.} 65. Rf7+ Kg8 {und nun wäre ...Tb5 stark für Schwarz.} 66. Rd7 (66. Kf3 $1 $11 {hält das Gleichgewicht.}) 66... Kf8 $17 67. Rxd6 $2 {[%mdl 8192]} (67. Rf7+ $17 Ke8 68. Rxh7) 67... Ke7 $19 68. Ra6 Rd4 69. Kf3 Rd6 70. Ra7+ Kxe6 71. Rxh7 Kf5 72. Rf7+ Kxg5 {( -> ...Tf6+)} 73. Ke4 Rf6 74. Ra7 Rf1 $2 (74... Kg4 75. Ra1 g5 76. Rg1+ Kh5 77. Kxe5 Rf8 78. Rh1+ Kg6) 75. Kxe5 $2 (75. Ra6 Re1+ 76. Kd3) 75... Re1+ {Schwarz steht klar auf Gewinn.} 76. Kd4 Kf4 77. Rf7+ Kg4 78. Kd3 g5 79. Kd2 Re8 {Precision: Weiß = 34%, Schwarz = 58%.} 0-1

[Event "27th CRO-chT 1B-Men 2018"]
[Site "Biograd"]
[Date "2018.09.18"]
[Round "2.5"]
[White "Trbojevic, Mladen"]
[Black "Biliskov, Vjekoslav"]
[Result "1/2-1/2"]
[WhiteElo "2353"]
[BlackElo "2292"]
[Annotator "TA"]
[PlyCount "98"]
[EventDate "2018.09.15"]
[EventType "team-tourn"]
[EventCountry "CRO"]
[SourceTitle "playchess.com"]
[Source "ChessBase"]
[SourceQuality "1"]

{[%evp 9,98,5,25,14,20,14,55,41,54,6,43,40,34,35,29,32,41,37,47,20,31,35,54,61,47,59,100,64,101,53,51,55,56,55,103,34,91,39,38,45,38,0,18,20,62,0,0,0,9,0,0,0,0,-91,-27,-25,-34,-62,-60,-70,-70,-80,-80,-80,-79,-131,-131,-129,-126,-106,-36,-44,-35,-72,-8,-21,0,0,0,0,0,-10,0,0,0,0,0,0,0,0,0]} 1. d4 d5 2. Bf4 e6 3. e3 Bd6 4. Bg3 Ne7 5. Nf3 Nf5 (5... c5 6. c3 Nbc6 7. Nbd2 Nf5 8. Bxd6 Qxd6 9. Bd3 Nfe7 10. O-O O-O 11. Re1 h6 12. e4 cxd4 {0-1 (37) Grischuk,A (2781)-Topalov,V (2798) Stavanger 2015}) 6. Nbd2 {D00: 1 d4 d5: Unusual lines} O-O 7. Bd3 Nc6 8. c3 {White is slightly better.} h6 9. Qc2 Qe7 $146 ({Predecessor:} 9... Nxg3 10. hxg3 Re8 11. e4 f6 12. O-O-O Qd7 {1-0 (33) Polizou,H-Frangiadaki,I Greece 2002}) 10. O-O-O Nxg3 11. hxg3 e5 {next ...e4 is good for Black.} 12. dxe5 Nxe5 13. Nxe5 Bxe5 14. f4 Bf6 15. Rde1 Bd7 16. e4 dxe4 $1 17. Bxe4 Qd8 18. Bf3 Rb8 19. g4 g6 $1 20. Rxh6 Bg7 21. Rhh1 b5 22. g3 (22. f5 $16 gxf5 23. gxf5) 22... b4 {[#]} (22... Re8 $1 $14) 23. c4 (23. Bd5 $1 $16 {Threatening mate with Qxg6.} Bf5 24. gxf5 bxc3 25. bxc3 Qxd5 26. fxg6) 23... Re8 $14 24. Ne4 Bc6 25. Ng5 Bxf3 26. Nxf3 Qd7 27. f5 (27. Ne5 $1 $14 Bxe5 28. fxe5) 27... Qc6 $11 28. Nd2 Re5 29. Rhf1 Rbe8 30. Rxe5 Rxe5 31. Nb3 (31. fxg6 $11 Qxg6 32. Qxg6 fxg6 33. Rf3) 31... Qe4 (31... gxf5 $17 32. gxf5 Qe8) 32. fxg6 fxg6 33. Qxe4 Rxe4 {[%mdl 4096] Endgame KRB-KRN} 34. Nd2 Rxg4 35. Rf3 Be5 36. Kc2 Rxg3 37. Rf2 ({White should play} 37. Rxg3 Bxg3 38. Kb3) 37... Kg7 $17 38. Ne4 Rh3 39. Re2 Rh2 (39... Rf3 $17 40. Ng5 Rf5) 40. Rxh2 $15 Bxh2 {KB-KN} 41. Kb3 {[#]} Be5 (41... Kf7 $1 $17 42. Kxb4 Ke6) 42. Kxb4 $11 {The position is equal.} Bxb2 {Strongly threatening ...Kf7.} 43. Kb5 Kf7 {Hoping for ...Ke6.} 44. Kc6 Be5 {...Ke6 is the strong threat.} 45. Kd7 $1 Bf4 {aiming for ...g5.} 46. c5 g5 {[#]} 47. Nxg5+ $1 {[%mdl 512]} Bxg5 48. Kxc7 Ke7 49. Kb7 Kd8 {Precision: White = 48%, Black = 52%.} 1/2-1/2

[Event "27th CRO-chT 1B-Men 2018"]
[Site "Biograd"]
[Date "2018.09.16"]
[Round "2.6"]
[White "Jusic, Zdenko"]
[Black "Horvat, David"]
[Result "1-0"]
[WhiteElo "2261"]
[BlackElo "2212"]
[Annotator "TA"]
[PlyCount "85"]
[EventDate "2018.09.15"]
[EventType "team-tourn"]
[EventCountry "CRO"]
[SourceTitle "playchess.com"]
[Source "ChessBase"]
[SourceQuality "1"]

{[%evp 9,85,14,18,-19,16,-61,-58,-69,-48,-152,-143,-131,-13,-8,-10,-15,0,0,0,0,36,33,35,-3,0,-6,-11,-127,-129,-123,-64,-134,-133,-135,-133,-159,-160,-136,-83,-100,-31,-60,0,0,18,23,41,55,58,0,0,0,0,-90,36,40,22,35,145,130,266,280,358,364,536,531,728,731,706,708,872,822,904,886,870,845,874,841]} 1. e4 c5 2. Nf3 d6 3. Bb5+ Nd7 4. d4 cxd4 5. Qxd4 e5 (5... Ngf6 6. O-O a6 7. Be2 g6 8. c4 Bg7 9. Nc3 O-O 10. Qe3 b6 11. Rd1 Bb7 12. Ng5 Qc7 13. f3 Rac8 {0-1 (62) Nakamura,H (2777)-Vachier Lagrave,M (2779) Saint Louis 2018}) 6. Qa4 {B51: Sicilian: Moscow Variation (3 Bb5+) without 3...Bd7} (6. Qe3 {with more complications.} Ngf6 7. a4 a6 8. Bc4 Qc7 9. Qe2) 6... h6 7. g4 $146 (7. Bd3 $11) ({Predecessor:} 7. Be3 a6 8. Nbd2 Rb8 9. Bd3 Ngf6 10. h3 Be7 11. c4 O-O 12. Qc2 b5 13. b3 bxc4 14. Nxc4 {½-½ (55) Aguilera Suarez,A (1832)-Gonzalez Garcia,G (2208) Las Palmas 2009}) 7... Be7 $15 8. Nc3 {Black is slightly better.} Ngf6 9. h3 (9. Rg1 $15) 9... O-O $17 10. Be3 Nb6 (10... a6 $17 11. Bd3 Nc5 12. Bxc5 dxc5) 11. Qa5 $1 $11 Be6 12. O-O-O Qc8 13. g5 hxg5 14. Bxg5 Qc5 {aiming for ...a6.} 15. Be3 Qc8 16. Ng5 Nc4 $36 {[%mdl 2048] Black has good play.} 17. Bxc4 Bxc4 18. Nd5 (18. b3 $11 {remains equal.}) 18... Nxd5 $17 19. exd5 Be2 (19... b6 $17 20. Qb4 a5) 20. Rdg1 (20. Rd2 $15 Bh5 21. h4) 20... Qf5 21. Qd2 Bh5 $1 22. b3 Rfc8 23. Kb2 Bg6 ({Black should play} 23... b5 24. Qd3 Qxd3 25. cxd3 Be2) 24. c3 Rc7 (24... b5 $17 25. h4 Bh5) 25. a4 {[%cal Ba2a4,Ba4a5][%mdl 32] [#]} Rac8 (25... b5 $1 $15 {[%mdl 512]} 26. axb5 Rb8) 26. c4 $11 a6 {Hoping for ...b5!} 27. a5 $1 Bf6 28. Ka3 Qd7 {And now ...Rxc4! would win.} 29. Qb4 (29. Rc1 $1 $14) 29... Bd3 {[%cal Rd3c4] Threatens to win with ...Bxc4!} 30. Rg4 Bf5 31. Rh4 {[#]} (31. Rg3 $11 {keeps the balance.}) 31... Bxg5 (31... b6 $1 $17 {[%mdl 512] ...bxa5 is the strong threat.} 32. axb6 Rb7) 32. Bxg5 $14 f6 33. Be3 g5 ({Better is} 33... Re8 $14) 34. Rg1 $16 Bg6 (34... Kf7 $16 35. Rh6 Rg8) 35. Rhg4 $18 Bf5 36. R4g3 Kf8 (36... Qf7 {was necessary.} 37. h4 g4 38. Qxd6 Rd7) 37. Bb6 {White is clearly winning.} Rc5 38. h4 g4 39. f3 {[%cal Bf2f3,Bf3g4][%mdl 32]} Qh7 40. fxg4 Bc2 41. Bxc5 Rxc5 42. Qb6 {Strongly threatening Qd8+.} Qc7 43. Kb2 {Precision: White = 47%, Black = 33%.} 1-0

[Event "27th CRO-chT 1B-Men 2018"]
[Site "Biograd"]
[Date "2018.09.16"]
[Round "2.7"]
[White "Kosic, Dragan"]
[Black "Saric, Ante"]
[Result "1/2-1/2"]
[WhiteElo "2465"]
[BlackElo "2535"]
[Annotator "TA"]
[PlyCount "26"]
[EventDate "2018.09.15"]
[EventType "team-tourn"]
[EventCountry "CRO"]
[SourceTitle "playchess.com"]
[Source "ChessBase"]
[SourceQuality "1"]

{[%evp 15,24,0,-1,-1,13,2,0,14,7,-8,-11]} 1. d4 d5 2. Bf4 Nf6 3. e3 c5 4. c3 Nc6 5. Nd2 Bf5 6. Qb3 {D00: 1 d4 d5: Unusual lines} (6. Ngf3 e6 7. Nh4 Be4 8. Nhf3 Bf5 9. Nh4 Be4 10. Qb3 Qc8 11. Nhf3 Bf5 12. Be2 Be7 13. O-O O-O 14. h3 h6 15. Rfe1 c4 16. Qd1 b5 {1-0 (66) Grachev,B (2626)-Najer,E (2663) Moscow 2018}) 6... Qd7 7. Ngf3 c4 8. Qd1 e6 {LiveBook: 57 Games. The position is equal.} 9. Be2 Bd6 10. Bxd6 Qxd6 11. b3 b5 12. O-O O-O {Predecessor:} 13. Qc1 $146 a6 {0-1 (13) Karaokcu,E-Khan,S (2066) ICCF email 2010} 1/2-1/2

[Event "27th CRO-chT 1B-Men 2018"]
[Site "Biograd"]
[Date "2018.09.18"]
[Round "2.8"]
[White "Galyas, Miklos"]
[Black "Antunac, Goran"]
[Result "0-1"]
[WhiteElo "2512"]
[BlackElo "2359"]
[Annotator "TA"]
[PlyCount "84"]
[EventDate "2018.09.15"]
[EventType "team-tourn"]
[EventCountry "CRO"]
[SourceTitle "playchess.com"]
[Source "ChessBase"]
[SourceQuality "1"]

{[%evp 18,84,29,18,30,31,45,21,24,18,29,20,11,11,21,29,37,27,41,39,39,18,18,23,62,69,72,72,70,62,62,69,69,69,69,65,76,76,76,76,77,65,64,31,84,68,100,76,93,78,72,74,139,58,62,-381,-359,-774,-745,-1374,-1379,-12836,-12837,-12837,-12837,-12837,-5543,-29994,-12837]} 1. d4 g6 2. Nf3 Nf6 3. Bg5 Bg7 4. Nbd2 d5 5. e3 O-O 6. Be2 c5 7. c3 cxd4 8. exd4 Nc6 {D03: 1 d4 d5 2 Nf3 Nf6 3 Bg5, including Torre Attack with early ...d5} 9. O-O Qc7 (9... Bf5 10. Re1 Ne4 11. Nxe4 Bxe4 12. Nd2 Bf5 13. Qb3 h6 14. Bh4 Qd7 15. Bb5 Rfe8 16. Nf3 Be4 17. Ne5 Bxe5 18. dxe5 {½-½ (69) Artemiev,V (2691)-Wang,H (2709) Huaian 2017}) 10. Re1 {LiveBook: 4 Games} Re8 $146 {The position is equal.} ({Predecessor:} 10... Bf5 11. Bh4 h6 12. Qb3 Qd7 13. Bb5 Rfc8 14. Ne5 Qc7 15. Bg3 Qb6 16. a4 {½-½ (29) Issler,C (2587)-Tochacek,M (2564) Switzerland 2003}) 11. Bh4 Bg4 12. Bg3 Qb6 13. Qb3 Qxb3 14. axb3 Nh5 15. b4 Nxg3 16. hxg3 a6 17. Nb3 Rac8 18. Nc5 Rc7 19. b5 axb5 20. Bxb5 Bxf3 21. gxf3 Rec8 22. Bxc6 bxc6 23. f4 e6 24. b4 Bf8 25. Nd3 h5 26. Ra6 Be7 27. Kg2 Kg7 28. Rea1 Kf6 29. Kf3 Kf5 30. Rb6 f6 (30... g5 $14) 31. Raa6 $16 Bd8 32. Ne1 e5 33. fxe5 fxe5 34. Nc2 $1 e4+ {[#]} (34... Ke6 $142) 35. Ke2 (35. Kg2 $1 $16) 35... Bg5 $14 36. Na3 $2 {[%mdl 8192] [#]} (36. f3 $14 {keeps the upper hand.}) 36... Kg4 $1 $19 37. b5 $2 (37. c4 Rf8 38. cxd5) 37... Rf7 38. Rxc6 Rcf8 39. f4 exf3+ 40. Kf1 h4 41. gxh4 Rh7 42. hxg5 Kg3 {Precision: White = 41%, Black = 58%.} (42... Rh1+ $142 43. Kf2 Rh2+ 44. Ke3 f2 45. Rf6 f1=Q 46. Rxf1 Rxf1 47. Rf6 Ra1 48. Kd3 Rxa3 49. Re6 Rh3+ 50. Kc2 Rhxc3+ 51. Kd2 Kxg5 52. b6 Rh3 53. Kc1 Rh2 54. Kb1 Rb3+ 55. Ka1 Ra3+ 56. Kb1 Rd3 57. Rc6 Rd1+ 58. Rc1 Rxd4 59. Rc5 Rb4+ 60. Kc1 Kf4 61. Rxd5 g5 62. Rd8 Rxb6 63. Rd4+ Kf3 64. Rd3+ Ke4 65. Rg3 Rc6+ 66. Kb1 Kf4 67. Rd3 g4 68. Rd4+ Kg5 69. Rd5+ Kh4 70. Rd1 g3 71. Rd4+ Kg5 72. Rd3 g2 73. Rg3+ Kf4 74. Rg7 Rh1+ 75. Ka2 g1=Q 76. Rf7+ Ke5 77. Re7+ Kd6 78. Re1 Qxe1 79. Ka3 Qa1+ 80. Kb4 Rb1#) 0-1

[Event "27th CRO-chT 1B-Men 2018"]
[Site "Biograd"]
[Date "2018.09.18"]
[Round "2.9"]
[White "Mufic, Goran"]
[Black "Saric, Ibro"]
[Result "0-1"]
[WhiteElo "2254"]
[BlackElo "2546"]
[Annotator "TA"]
[PlyCount "100"]
[EventDate "2018.09.15"]
[EventType "team-tourn"]
[EventCountry "CRO"]
[SourceTitle "playchess.com"]
[Source "ChessBase"]
[SourceQuality "1"]

{[%evp 16,100,16,9,24,20,29,0,0,21,12,-34,-31,-36,-47,-57,-38,-23,-24,-33,0,-62,-57,-67,-69,-59,-68,-79,-43,-70,-48,-108,-57,-52,-69,-143,-160,-156,-134,-138,-148,-132,-137,-229,-226,-222,-181,-194,-189,-171,-46,-26,-36,-170,-12,-12,-28,-25,-22,-68,-10,-18,0,0,0,0,0,0,0,0,0,-839,-800,-6424,-4590,-29979,-29980,-29984,-29981,-29981,-29982,-29982,-29983,-29990,-29991,-29991,-29992]} 1. d4 g6 2. Bg5 Bg7 3. c3 c5 (3... d6 4. e3 Nf6 5. Bd3 Nbd7 6. Ne2 b6 7. Nd2 Bb7 8. O-O O-O 9. a4 a6 10. b4 e5 11. b5 {1-0 (58) Al Sayed,M (2511)-Malakhov,V (2686) Riadh 2017}) 4. e3 Nf6 5. Nd2 cxd4 6. exd4 {A40: Unusual replies to 1 d4} O-O 7. Ngf3 d6 8. Bc4 h6 9. Bh4 {LiveBook: 3 Games} Qc7 $146 ({Predecessor:} 9... Nc6 10. O-O e5 11. dxe5 dxe5 12. Re1 Qc7 13. Bb5 Nh5 14. Nc4 Be6 15. Qd6 {½-½ (109) Tran,T (2537)-Mosadeghpour,M (2444) Shiraz 2017}) 10. O-O Nc6 11. a4 e5 12. dxe5 dxe5 13. Qe2 Nh5 14. Bg3 Kh7 15. Bd5 Nxg3 16. hxg3 f5 17. Qc4 Qb6 18. Qb5 (18. a5 $11 Nxa5 19. Qh4) 18... e4 $15 19. Qxb6 axb6 20. Bxc6 $1 bxc6 21. Nd4 Bd7 22. Nc4 c5 23. Nb3 (23. Nxb6 $15 cxd4 24. Nxd7) 23... Be6 ({Better is} 23... Rfb8 $1 $17 24. a5 bxa5 25. Nbxa5 Ra6) 24. Nbd2 Ra6 25. Ra3 (25. f3 $15) 25... Rd8 $17 26. Rfa1 h5 $36 {[%mdl 2048] Black is on the roll.} 27. Kf1 Bh6 28. Ke2 Ra7 {Threatens to win with ...Rad7.} 29. Rd1 (29. a5 $17 Rad7 30. axb6 Bxd2 31. Ne5) 29... Rad7 $19 {aiming for ...Bxc4+.} 30. Raa1 f4 31. gxf4 Bxf4 32. b3 Bg4+ (32... Re7 $1 $19 33. Ke1 Bg4) 33. f3 $15 exf3+ 34. gxf3 (34. Nxf3 $15 Re7+ 35. Kf2) 34... Bf5 $2 ({Black should play} 34... Be6 $1 $19 {White must now prevent ...g5.} 35. Ne4 Rxd1 36. Rxd1 Rxd1 37. Kxd1 Bxc4 38. bxc4 Kg7) 35. Ne4 $11 Rxd1 36. Rxd1 Rxd1 37. Kxd1 Bxe4 (37... h4 $1 $15 38. Ke2 Bc7) 38. fxe4 {[%mdl 4096] Endgame KB-KN} Bc7 39. b4 cxb4 40. cxb4 h4 41. Ke2 h3 42. Kf1 g5 {[%cal Bg6g5,Bg5g4,Bg4g3][%mdl 32] And now ...g4 would win.} 43. a5 $2 {[%mdl 8192]} (43. Ne3 $11) 43... bxa5 $19 44. bxa5 {[#]} g4 $1 45. Kg1 g3 {Black mates.} 46. Kh1 Bb8 47. Ne3 {[#]} Kg6 $1 {[%cal Rg6g5]} 48. a6 Kg5 49. e5 Kf4 50. a7 Bxa7 {Precision: White = 48%, Black = 50%.} 0-1